Las Consecuencias de los tratados comerciales sobre los campesinos latinoamericanos: los casos del TLC y el MERCOSUR /
Analiza el impacto de los tratados comerciales sobre los campesinos mexicanos en el caso del TLC y los campesinos brasileños, paraguayos, chilenos, bolivianos y uruguayos en el caso del MERCOSUR. Doc/PAG
Guardat en:
| Autor principal: | |
|---|---|
| Format: | Text |
| Matèries: | |
| Etiquetes: |
Afegir etiqueta
Sense etiquetes, Sigues el primer a etiquetar aquest registre!
|
MARC
| LEADER | 00000 a a2200000 04500 | ||
|---|---|---|---|
| 001 | 9143 | ||
| 003 | |||
| 040 | |||
| 100 | |a Rubio, Blanca | ||
| 245 | |a Las Consecuencias de los tratados comerciales sobre los campesinos latinoamericanos: los casos del TLC y el MERCOSUR / |c Blanca Rubio | ||
| 520 | |a Analiza el impacto de los tratados comerciales sobre los campesinos mexicanos en el caso del TLC y los campesinos brasileños, paraguayos, chilenos, bolivianos y uruguayos en el caso del MERCOSUR. Doc/PAG | ||
| 650 | |a INTEGRACION ECONOMICA | ||
| 650 | |a INTEGRACION REGIONAL | ||
| 650 | |a MERCADOS COMUNES | ||
| 650 | |a ACUERDOS INTERNACIONALES | ||
| 650 | |a CAMPESINADO | ||
| 650 | |a POBLACION AGRICOLA | ||
| 650 | |a CONVENIOS COMERCIALES | ||
| 650 | |a POBLACION RURAL | ||
| 773 | |g número 85; páginas 97-113 | ||
| 999 | |c 37899 |d 37899 | ||
